Cómo reinventar su modelo de negocios (Registro nro. 10900)
[ vista simple ]
| 000 -LEADER | |
|---|---|
| fixed length control field | 00397 a2200121 4500 |
| 001 - CONTROL NUMBER | |
| control field | ART_14841 |
| 005 - DATE AND TIME OF LATEST TRANSACTION | |
| control field | 20260410161614.0 |
| 008 - FIXED-LENGTH DATA ELEMENTS--GENERAL INFORMATION | |
| fixed length control field | 260409a |
| 100 1# - MAIN ENTRY--PERSONAL NAME | |
| Personal name | Christensen, Clayton M. |
| 245 10 - TITLE STATEMENT | |
| Title | Cómo reinventar su modelo de negocios |
| 700 1# - ADDED ENTRY--PERSONAL NAME | |
| Personal name | Johnson, Mark W. |
| 773 0# - HOST ITEM ENTRY | |
| Title | Harvard Business Review |
| Related parts | Reimagine su modelo de negocio - Vol. 86, Nº 12 (dic. 2008) |
| Record control number | REV340 |
No hay ítems disponibles.